Vista normal
Vista MARC
Entrada Personal Name
Número de registros utilizados en: 1
001 - CONTROL NUMBER
- control field: 6922
003 - CONTROL NUMBER IDENTIFIER
- control field: OSt
005 - DATE AND TIME OF LATEST TRANSACTION
- control field: 20200709140543.0
008 - FIXED-LENGTH DATA ELEMENTS
- fixed length control field: 200709|| aca||aabn | a|a d
040 ## - CATALOGING SOURCE
- Original cataloging agency: OSt
- Transcribing agency: OSt
100 ## - HEADING--PERSONAL NAME
- Personal name: Botero, Alonso Franco
670 ## - SOURCE DATA FOUND
- Source citation: Work cat.: (OSt)5512: Colombia. Camára de Comercio de Bogotá 6916, ¿Qué quedo de la emergencia económica? /, 1983.